Manažérske simulácie a ko progresívne metódy vzdelávania budúcich manažérov

Obmedzenia tradičných foriem vzdelávania budúcich manažérov. Manažérske simulácie ako najprogresívnejšie metódy vzdelávania. Manažérske simulácie využívané na Ekonomickej univerzite v Bratislave - na Fakulte podnikového manažmentu, ich prednosti a nedostatky.

Salvato in:
Dettagli Bibliografici
Autore principale: Roby, Zuzana
Natura: Capitolo di libro
Lingua:slovacco
Soggetti:
Tags: Aggiungi Tag
Nessun Tag, puoi essere il primo ad aggiungerne!!

MARC

LEADER 00000nla$a2200000$$$4500
001 0081153
005 20240502071920.0
041 0 |a slo 
044 |a SK 
245 1 0 |a Manažérske simulácie a ko progresívne metódy vzdelávania budúcich manažérov  |c Zuzana Roby 
520 |a Obmedzenia tradičných foriem vzdelávania budúcich manažérov. Manažérske simulácie ako najprogresívnejšie metódy vzdelávania. Manažérske simulácie využívané na Ekonomickej univerzite v Bratislave - na Fakulte podnikového manažmentu, ich prednosti a nedostatky. 
610 2 0 |a manažment 
610 2 0 |a simulácia 
610 2 0 |a vyučovanie 
610 2 0 |a vzdelávanie vysokoškolské 
610 2 0 |a Ekonomická univerzita v Bratislave 
100 1 |a Roby, Zuzana